PDI - Programa de desenvolvimento institucional integrado : (Record no. 1411)

MARC details
000 -LÍDER
Campo Fixo de Controle 01111nam a2200265 a 4500
001 - NÚMERO DE CONTROLE
Campo de Controle 1411
003 - IDENTIFICAÇÃO DO NÚMERO DE CONTROLE
Campo de Controle BR-CuiBMT
005 - DATA E HORA DA ÚLTIMA ATUALIZAÇÃO
Campo de Controle 20231207000527.0
008 - DADOS FIXOS
Dados Fixos 230821s2013 mtba 000 0 por d
020 ## - INTERNATIONAL STANDARD BOOK NUMBER
Nº do ISBN 9788598587257
040 ## - AGÊNCIA CATALOGADORA
Código da Agência Catalogadora BR-CuiBMT
Agência que transcreveu o registro BR-CuiBMT
080 ## - Nº DA CLASSIFICAÇÃO DECIMAL UNIVERSAL
Nº Class. CDU 351.94:005.51
Subd. Auxiliar Comum (817.2)
Nº edição CDU 2007
090 ## - NÚMERO DE CHAMADA
Nº classificação 351.94:005.51(817.2)
Cutter M433p
110 1# - ENTRADA PRINCIPAL -- ENTIDADE
Nome da entidade ou lugar Mato Grosso.
Unidade subordinada Tribunal de Contas do Estado.
245 10 - TÍTULO PRINCIPAL
Título principal PDI - Programa de desenvolvimento institucional integrado :
Subtítulo TCE - MT avança promovendo soluções inovadoras /
Indicação de responsabilidade Tribunal de Contas do Estado de Mato Grosso
260 ## - PUBLICAÇÃO, DISTRIBUIÇÃO, ETC.
Local de publicação Cuiabá :
Editora TCE,
Data 2013.
300 ## - DESCRIÇÃO FÍSICA
N. páginas ou volumes 160 p. :
Ilustrações il. color. ;
Dimensões 30 cm
500 ## - NOTAS GERAIS
Notas gerais Na linha de sua missão orientadora, compartilha com os fiscalizados a experiência adquirida a partir da adoção do planejamento estratégico e de novas tecnologias, para a eficiência da administração pública.
504 ## - NOTA DE BIBLIOGRAFIA, ETC.
Nota de bibliografia Inclui bibliografia.
650 ## - ASSUNTO TÓPICO
Cabeçalho tópico ou nome geográfico Administração pública
650 ## - ASSUNTO TÓPICO
Cabeçalho tópico ou nome geográfico Soluções inovadoras
650 ## - ASSUNTO TÓPICO
Cabeçalho tópico ou nome geográfico Planejamento estratégico
650 ## - ASSUNTO TÓPICO
Cabeçalho tópico ou nome geográfico Tribunal de Contas
Subdivisão geográfica Mato Grosso
942 ## - ELEMENTOS DE ENTRADA ADICIONAIS (KOHA)
Fonte de classificação ou esquema de arquivamento Classificação Decimal Universal
Tipo de item do Koha Livros
Holdings
Estado: removido Estado: perdido Fonte de classificação ou esquema de arquivamento Estado: danificado Indisponível para empréstimo Localização permanente Localização atual Data de aquisição Total Checkouts Número de Chamada completo Código de barras Date last seen Número do exemplar Preço efetivo a partir de Tipo de item (Koha)
    Classificação Decimal Universal     Biblioteca da Escola Superior de Contas do TCE/MT Biblioteca da Escola Superior de Contas do TCE/MT 06/12/2023   351.94:005.51(817.2) M433p BIBTCEMT23120295 07/12/2023 Ex. 1 07/12/2023 Livros
    Classificação Decimal Universal     Biblioteca da Escola Superior de Contas do TCE/MT Biblioteca da Escola Superior de Contas do TCE/MT 18/03/2024   351.94:005.51(817.2) M433p BIBTCEMT24030011 18/03/2024 Ex. 2 18/03/2024 Livros
    Classificação Decimal Universal     Biblioteca da Escola Superior de Contas do TCE/MT Biblioteca da Escola Superior de Contas do TCE/MT 18/03/2024   351.94:005.51(817.2) M433p BIBTCEMT24030012 18/03/2024 Ex. 3 18/03/2024 Livros
    Classificação Decimal Universal     Biblioteca da Escola Superior de Contas do TCE/MT Biblioteca da Escola Superior de Contas do TCE/MT 18/03/2024   351.94:005.51(817.2) M433p BIBTCEMT24030013 18/03/2024 Ex. 4 18/03/2024 Livros

Powered by Koha